| 000 | 00815cab a2200265 4500 | ||
|---|---|---|---|
| 001 | ABS52933 | ||
| 008 | 090401t1995 xxu||||| |||| 00| 0 eng d | ||
| 035 | _a(Sirsi) u963 | ||
| 041 | _aeng | ||
| 100 | _aArchibald, B. | ||
| 245 | _aProfessional services? | ||
| 260 | _c1995 | ||
| 350 | _a0 | ||
| 490 |
_aPlanning Week _v11 May 1995, 17(1) |
||
| 520 | _aConsiders the debate regarding Class A2 applications in the high street, under the Use Classes Order 1987, highlighted by the decision in "Karla v SoS Environment". | ||
| 650 | _aCLASS A2 | ||
| 650 | _aCLASS B1 | ||
| 650 | _aPROFESSIONAL SERVICES | ||
| 650 | _aRETAIL PROPERTY | ||
| 650 | _aTOWN AND COUNTRY PLANNING (USE CLASSES) ORDER 1987 | ||
| 650 | _aUSE CLASSES | ||
| 690 | _aPLANNING LAW AND PRACTICE | ||
| 942 | _n0 | ||
| 948 | _c04/03/1997 | ||
| 999 |
_c535 _d535 |
||